000 nam a22 4500
999 _c29121
_d29121
008 171108b xxu||||| |||| 00| 0 eng d
020 _a8176221457
050 _aSF 207 .C66 2008
100 _aCooper, M. M.
245 _aBeef production /
_cM. M. Cooper
260 _aNew Delhi :
_bBiotech Books,
_c2008
300 _axiv, 229p. :
_bill. ;
_c21 cm.
500 _aIncludes bibliographical references and index.
650 _aBeef cattle.
942 _2lcc
_cBOOKS
_hSF 207 .C66 2008